Revista Didasc@lia: Didáctica y Educación

Kaydedildi:
Detaylı Bibliyografya
Materyal Türü: Elektronik Dergi
Baskı/Yayın Bilgisi: Universitaria de Las Tunas, Centro de Estudios de Didactica
Online Erişim:Available in Fuente Académica Plus.
Etiketler: Etiketle
Etiket eklenmemiş, İlk siz ekleyin!

MARC

LEADER 00000nas a22000002 4500
001 ebs68828888e
003 EBZ
006 m d ||||||
007 cr|unu||||||||
008 241105| xx uu p o 0 0||| d
022 |y 2224-2643 
035 |a (EBZ)ebs68828888e 
040 |a EBZ 
042 |a msc 
050 0 0 |a L  
130 0 |a Revista Didasc@lia: Didáctica y Educación (Online) 
222 1 0 |a Revista Didasc@lia: Didáctica y Educación 
245 0 0 |a Revista Didasc@lia: Didáctica y Educación  |h [electronic resource]. 
260 |b Universitaria de Las Tunas, Centro de Estudios de Didactica 
773 0 |t Fuente Académica Plus   |d EBSCO 
856 4 0 |3 Full text available: Mar 2012-.  |z Available in Fuente Académica Plus.  |u https://researchs.unach.elogim.com/direct.asp?db=fap&jid=DRXX&scope=site 
901 |a Academic Journal